| 000 | 00639nam a2200241Ia 4500 | ||
|---|---|---|---|
| 999 |
_c7730 _d7730 |
||
| 003 | 0100 | ||
| 005 | 20190705154115.0 | ||
| 008 | 130303s9999 xx 000 0 und d | ||
| 020 | _a1859724124 | ||
| 040 | _cARRUPELIB | ||
| 050 | _aHC900.H228 1997 | ||
| 100 |
_aHaarlov, Jens _946828 |
||
| 245 | _aRegional cooperation and integration within industry and trade in Southern Africa | ||
| 245 | _bgeneral approaches, Sadcc, and the world Bank | ||
| 260 |
_aAldershot _bAshgate _cc1997. |
||
| 300 | _a254 p. | ||
| 300 | _b 23 cm. | ||
| 440 |
_aThe making of modern Africa _93225 |
||
| 650 |
_aAfrica, Southern _x Commerce _946829 |
||
| 650 |
_bAfrica, Southern _x Economic integration _946830 |
||
| 650 |
_bAfrica, Southern _xEconomic policy _926897 |
||
| 942 | 0 | 0 |
_02 _2lcc _cMONOGRAPH |